Reforma al juicio de amparo en el siglo XXI

Detalles Bibliográficos
Autor principal: Garca̕ Mňdez, Carlos
Otros Autores: Pabello Rojas, Rubň
Formato: eBook
Lenguaje:español
Publicado: Veracruz: Universidad de Xalapa, 2011
Materias:
Acceso en línea:Acceso restringido

MARC

LEADER 00000nam a22000007a 4500
005 2018033004504.0
007 cr|||| ||||
008 180330s2011 mx |||||s|||| 00||0 spa d
020 |a 978-607-8156-04-7 
035 |a 21209 
040 |a vLex 
090 |c 7599  |d 7599 
100 1 |a Garca̕ Mňdez, Carlos 
245 1 0 |a Reforma al juicio de amparo en el siglo XXI  |h [Recurso electrn̤ico] /  |c Carlos Garca̕ Mňdez, Rubň Pabello Rojas 
256 |a Servicio en ln̕ea 
260 |a Veracruz:  |b Universidad de Xalapa,  |c 2011 
300 |a 1 recurso electrn̤ico 
506 1 |a Disponible solo en los productos indicados  |d vLex Global  |d vLex Global (Academic Edition, excluding Law Schools)  |d vLex Global (U.S. Academic Edition, Law Schools)  |d vLex Global (U.S. Academic Edition, excluding Law Schools)  |d vLex Global (Academic Edition, Law Schools) 
650 0 4 |a Derecho Constitucional  |z Mx̌ico 
700 1 |a Pabello Rojas, Rubň 
740 0 |a vLex Libros (Servicio en ln̕ea) 
856 4 0 |u http://vlex.com/source/reforma-juicio-amparo-siglo-xxi-21209  |z Acceso restringido 
942 |c BOOK 
999 0 |a Constitutional right